| 000 | 01214nam a2200229 a 4500 | ||
|---|---|---|---|
| 001 | 000000388 | ||
| 005 | 20200929145333.0 | ||
| 008 | 090130s2006 dr abc r 001 0 spa d | ||
| 040 |
_aDO-SdBNP _bspa _cBNPHU |
||
| 082 |
_a305.42 _bC397m |
||
| 110 | 2 |
_aCentro Mujer y Participación (República Dominicana) _91294 |
|
| 245 | 1 | 0 |
_aMemorias del Centro Mujer y Participación CEDEMUR 1997-2005 : _buna nueva mirada de la mujer ocoeña. |
| 260 |
_aSan José de Ocoa, República Dominicana : _bCEDEMUR, _c2006. |
||
| 300 |
_a93 p. : _bil., map. , retrs. ; _c22 cm. |
||
| 505 | 0 |
_tPalabras de la presidenta -- _tDatos históricos -- _tResumen de la coordinación, mujer ocoeña / organización y desarrollo comunitario 1997-2005 -- _tOrganización / capacitación -- Iniciativas productivas dirigidas a mujeres organizadas -- Área financiera. |
|
| 590 | _aInventariado, 2018/MFF | ||
| 610 | 2 | 4 |
_aCENTRO MUJER Y PARTICIPACIÓN (REPÚBLICA DOMINICANA) _91295 |
| 650 | 4 |
_aMujeres _xCondiciones sociales _y1997-2005 _91296 |
|
| 650 | 4 |
_aMujeres en la organización de la comunidad _y1997-2005 _91297 |
|
| 650 | 4 |
_aMujeres en república dominicana _xCondiciones sociales _y1997-2005 _91298 |
|
| 910 | _aValidado. Control de calidad MFF | ||
| 999 |
_c387 _d387 |
||